000 00646nam a2200205 u 4500
005 20230606063532.0
008 120322s2010 ag r 000 0 spa d
020 _a9788492613434
035 _aUPN01000183821
049 _aCG
050 4 _aLC4065
_bS4.7
245 0 0 _aSer pobre en la escuela :
_bhabitus de pobreza y condiciones de educabilidad /
_cdir. Xavier Bonal.
260 _aBuenos Aires :
_bMiño y Dávila,
_c2010.
300 _a190 p. :
_bcuadros
440 0 _aEducación, globalización y desarrollo
650 4 _aPOBRES -
_xEDUCACION
_920350
700 1 _aBonal Sarró, Xavier
_edir.
_931116
905 _aLibro
999 _c155924
_d155924